000 00429nam a2200181Ia 4500
001 15726
005 20260306170217.0
008 260306t2023||||xx |||||||||||||| ||und||
041 _aESP
082 _a601
_bH89
100 _aHui, Yuk,
_eAUT
245 0 _aSobre la existencia de los objetos digitales
260 _c2023
300 _a362 páginas :
_c21 cm.
650 _aGEN
654 _aCCN
942 _cLIB
_dJUS
_fJUS
_2ddc
_n
999 _c15726
_d15726